MARC details
| 000 -LEADER |
| fixed length control field |
02490cam a22005174a 4500 |
| 001 - CONTROL NUMBER |
| control field |
14938866 |
| 005 - DATE AND TIME OF LATEST TRANSACTION |
| control field |
20250501110214.0 |
| 008 - FIXED-LENGTH DATA ELEMENTS--GENERAL INFORMATION |
| fixed length control field |
070724s2008 enk b 001 0 eng |
| 010 ## - LIBRARY OF CONGRESS CONTROL NUMBER |
| LC control number |
2007030542 |
| 016 7# - NATIONAL BIBLIOGRAPHIC AGENCY CONTROL NUMBER |
| Record control number |
101313224 |
| Source |
DNLM |
| 020 ## - INTERNATIONAL STANDARD BOOK NUMBER |
| International Standard Book Number |
9780521884228 (hardback) |
| 020 ## - INTERNATIONAL STANDARD BOOK NUMBER |
| International Standard Book Number |
0521884225 (hardback) |
| 035 ## - SYSTEM CONTROL NUMBER |
| System control number |
(OCoLC)ocn162507251 |
| 035 ## - SYSTEM CONTROL NUMBER |
| System control number |
(OCoLC)162507251 |
| 037 ## - SOURCE OF ACQUISITION |
| Terms of availability |
TB |
| 040 ## - CATALOGING SOURCE |
| Original cataloging agency |
CRL |
| Transcribing agency |
CRL |
| Modifying agency |
CRL |
| 042 ## - AUTHENTICATION CODE |
| Authentication code |
pcc |
| 043 ## - GEOGRAPHIC AREA CODE |
| Geographic area code |
n-us-ny |
| 050 00 - LIBRARY OF CONGRESS CALL NUMBER |
| Classification number |
RC552.P67 |
| Item number |
S394 2008 |
| 060 10 - NATIONAL LIBRARY OF MEDICINE CALL NUMBER |
| Classification number |
WM 172 |
| Item number |
S452t 2008 |
| 084 ## - COLON CLASSIFICATION NUMBER |
| Classification number |
S:86:(Y:45) P8 |
| Assigning agency |
CRL |
| 100 1# - MAIN ENTRY--PERSONAL NAME |
| Personal name |
Seeley, Karen M. |
| 9 (RLIN) |
753625 |
| 245 10 - TITLE STATEMENT |
| Title |
Therapy after terror: |
| Remainder of title |
9/11, psychotherapists, and mental health |
| 260 ## - PUBLICATION, DISTRIBUTION, ETC. |
| Place of publication, distribution, etc. |
Cambridge, UK; |
| -- |
New York, USA: |
| Name of publisher, distributor, etc. |
Cambridge University Press, |
| Date of publication, distribution, etc. |
2008. |
| 300 ## - PHYSICAL DESCRIPTION |
| Extent |
x, 242 p. ; |
| Dimensions |
24 cm. |
| 365 ## - TRADE PRICE |
| Price amount |
34.99 |
| Currency code |
UKP |
| 504 ## - BIBLIOGRAPHY, ETC. NOTE |
| Bibliography, etc. note |
Includes bibliographical references (p. 213-232) and index. |
| 505 0# - FORMATTED CONTENTS NOTE |
| Formatted contents note |
Trauma histories -- Volunteers for America -- "Get me counselors!" -- The psychological treatment of trauma -- The trauma of psychological treatment -- Diagnosing posttraumatic stress disorder -- Trauma as metaphor -- Mental health in traumatic times. |
| 650 #0 - SUBJECT ADDED ENTRY--TOPICAL TERM |
| Topical term or geographic name entry element |
September 11 Terrorist Attacks, 2001 |
| General subdivision |
Psychological aspects. |
| 9 (RLIN) |
753626 |
| 650 #0 - SUBJECT ADDED ENTRY--TOPICAL TERM |
| Topical term or geographic name entry element |
Post-traumatic stress disorder |
| General subdivision |
Treatment |
| Geographic subdivision |
New York (State) |
| -- |
New York. |
| 9 (RLIN) |
753627 |
| 650 #0 - SUBJECT ADDED ENTRY--TOPICAL TERM |
| Topical term or geographic name entry element |
Crisis intervention (Mental health services) |
| Geographic subdivision |
New York (State) |
| -- |
New York. |
| 9 (RLIN) |
753628 |
| 650 #0 - SUBJECT ADDED ENTRY--TOPICAL TERM |
| Topical term or geographic name entry element |
Disaster victims |
| General subdivision |
Rehabilitation |
| Geographic subdivision |
New York (State) |
| -- |
New York. |
| 9 (RLIN) |
753629 |
| 650 12 - SUBJECT ADDED ENTRY--TOPICAL TERM |
| Topical term or geographic name entry element |
Stress Disorders, Traumatic |
| General subdivision |
therapy. |
| 9 (RLIN) |
753630 |
| 650 22 - SUBJECT ADDED ENTRY--TOPICAL TERM |
| Topical term or geographic name entry element |
Crisis Intervention |
| General subdivision |
methods. |
| 9 (RLIN) |
753631 |
| 650 22 - SUBJECT ADDED ENTRY--TOPICAL TERM |
| Topical term or geographic name entry element |
Mental Health Services. |
| 9 (RLIN) |
674708 |
| 650 22 - SUBJECT ADDED ENTRY--TOPICAL TERM |
| Topical term or geographic name entry element |
Professional Role |
| General subdivision |
psychology. |
| 9 (RLIN) |
753632 |
| 650 22 - SUBJECT ADDED ENTRY--TOPICAL TERM |
| Topical term or geographic name entry element |
Professional-Patient Relations. |
| 9 (RLIN) |
753633 |
| 650 22 - SUBJECT ADDED ENTRY--TOPICAL TERM |
| Topical term or geographic name entry element |
September 11 Terrorist Attacks |
| General subdivision |
psychology. |
| 9 (RLIN) |
753634 |
| 856 42 - ELECTRONIC LOCATION AND ACCESS |
| Materials specified |
Contributor biographical information |
| Uniform Resource Identifier |
<a href="http://www.loc.gov/catdir/enhancements/fy0803/2007030542-b.html">http://www.loc.gov/catdir/enhancements/fy0803/2007030542-b.html</a> |
| 856 42 - ELECTRONIC LOCATION AND ACCESS |
| Materials specified |
Publisher description |
| Uniform Resource Identifier |
<a href="http://www.loc.gov/catdir/enhancements/fy0803/2007030542-d.html">http://www.loc.gov/catdir/enhancements/fy0803/2007030542-d.html</a> |
| 856 41 - ELECTRONIC LOCATION AND ACCESS |
| Materials specified |
Table of contents only |
| Uniform Resource Identifier |
<a href="http://www.loc.gov/catdir/enhancements/fy0803/2007030542-t.html">http://www.loc.gov/catdir/enhancements/fy0803/2007030542-t.html</a> |
| 906 ## - LOCAL DATA ELEMENT F, LDF (RLIN) |
| a |
7 |
| b |
cbc |
| c |
orignew |
| d |
1 |
| e |
ecip |
| f |
20 |
| g |
y-gencatlg |
| 942 ## - ADDED ENTRY ELEMENTS (KOHA) |
| Source of classification or shelving scheme |
Colon Classification (CC) |
| Koha item type |
Textbook |
| Classification part |
S:86:(Y:45) P8 |
| Suppress in OPAC |
No |